000
00281nam a2200097Ia 4500
001
1227387
005
20250827093022.0
008
250824s9999 xx 000 0 und d
245
0
_a
SENİ İÇİMDEN TERK EDİYORUM
_c
KAHRAMAN TAZEOĞLU
260
_b
DESTEK YAYINLARI
999
_c
1227387
_d
1227387